| 000 | 00738cam a22002413a 4500 | ||
|---|---|---|---|
| 001 | 31000 | ||
| 003 | PGUSA | ||
| 005 | 20140828083654.0 | ||
| 008 | 100117s2010||||xxu|||||s|||||000 | eng d | ||
| 040 |
_aPGUSA _beng |
||
| 042 | _adc | ||
| 050 | 4 | _aDG | |
| 100 | 1 | _aGuelfi, Guelfo | |
| 245 | 1 | 0 |
_aDal molino di Cerbaia a Cala Martina : _bNotizie inedite sulla vita di Giuseppe Garibaldi _h[electronic resource] / _cGuelfo Guelfi |
| 260 |
_bProject Gutenberg, _c2010 |
||
| 506 | _aPublic domain in the USA. | ||
| 516 | _aElectronic text | ||
| 653 | _aItaly -- History -- 1849-1870 | ||
| 653 | _aGaribaldi, Giuseppe, 1807-1882 | ||
| 830 | 0 |
_aProject Gutenberg _v31000 |
|
| 856 | 4 | 0 | _uhttp://www.gutenberg.org/ebooks/31000 |
| 942 | _cEB | ||
| 999 |
_c260255 _d260255 |
||